00599nam a2200169 a 450000500170000000800410001702000180005805000190007610000200009524501170011526000610023230000160029344000430030950000380035265000220039065000170041220140412111300.0001129s19uu xx 00 eng d a0-15-331236-X aBBbHo847 1989 aKipling Rudyard aHow the elephant got its trunk :badapted from the Elephant's Child /cRudyard Kipling ; illustrated by Jan Pyk. aOrlando, Florida :bHarcourt Brace Jovanich, Inc,c1989. a8 p. ; ill. aButterflies: Harcourt Brace Jovanovich aAdapted from the Elephant's Child aElephants stories aPicture book